| 000 | 00593nam a2200193 a 4500 | ||
|---|---|---|---|
| 999 |
_c673 _d673 |
||
| 005 | 20191217041555.0 | ||
| 008 | 140221b1985 ck a|||| |||| 00| 0 spa d | ||
| 040 |
_aCO-BoIAVH _cCO-BoIAVH |
||
| 041 | 0 | _aspa | |
| 044 | _ack | ||
| 090 |
_aIND- _b75 |
||
| 110 | 2 | _aInderena | |
| 245 | 1 | 0 | _aInstrucciones para combate inicial de incendios forestales / |
| 260 |
_aBogotá : _bInderena, _c1985? |
||
| 300 |
_a6 páginas : _bilustraciones a blanco y negro ; _c24 x 17 cm. |
||
| 650 | 2 | 6 | _aIncendios forestales |
| 650 | 2 | 6 |
_aExtinción de incendios _vPlanes |
| 942 |
_cFolleto _2z |
||